000
00330 a2200157 4500
001
61911
020
_a
9788506068649
040
_c
Anchieta - Pituba
100
_a
Aguiar, Luiz Antonio
240
1
0
_a
Góticos II
_l
por
245
1
0
_a
Góticos II
300
_a
376
362
0
_a
2012
650
4
_a
Literatura juvenil
942
_c
BK
999
_c
61911
_d
61911